Guadalajara, ciudad abierta (Record no. 179780)

MARC details
000 -LEADER
campo de control de longitud fija 00824nam a2200229 i 4500
001 - NÚMERO DE CONTROL
campo de control 179780
003 - IDENTIFICADOR DE NÚMERO DE CONTROL
campo de control ES-MaACL
005 - FECHA Y HORA DE LA ÚLTIMA TRANSACCIÓN
campo de control 20231025172637.0
008 - DATOS DE LONGITUD FIJA--INFORMACIÓN GENERAL
campo de control de longitud fija 120123s2006 sp aeo |||| | spa d
020 ## - NÚMERO INTERNACIONAL ESTÁNDAR DEL LIBRO
Número Internacional Estándar del Libro 84-96236-83-8
080 ## - NÚMERO DE LA CLASIFICACIÓN DECIMAL UNIVERSAL
Número de la Clasificación Decimal Universal 913(460.281 G.)(036)
245 00 - MENCIÓN DEL TÍTULO
Título Guadalajara, ciudad abierta
Resto del título : una guía para conocerla y visitarla /
Mención de responsabilidad, etc. Equipo Paraninfo.
260 ## - PUBLICACIÓN, DISTRIBUCIÓN, ETC.
Lugar de publicación, distribución, etc. Guadalajara :
Nombre del editor, distribuidor, etc. Aache,
Fecha de publicación, distribución, etc. 2006.
300 ## - DESCRIPCIÓN FÍSICA
Extensión 126 p. :
Otras características físicas il. col. y n., fot., planos ;
Dimensiones 21 cm.
651 #7 - PUNTO DE ACCESO ADICIONAL DE MATERIA--NOMBRE GEOGRÁFICO
Nombre geográfico Guadalajara-
Subdivisión de forma Guías turísticas.
9 (RLIN) 149180
651 #4 - PUNTO DE ACCESO ADICIONAL DE MATERIA--NOMBRE GEOGRÁFICO
Nombre geográfico Guadalajara-
Subdivisión general Historia.
9 (RLIN) 8791
710 2# - ENTRADA AGREGADA--NOMBRE DE ENTIDAD CORPORATIVA
Nombre de entidad corporativa o nombre de jurisdicción como elemento de entrada Equipo Paraninfo.
9 (RLIN) 149181
852 ## - LOCALIZACIÓN
Ubicación ES-MaACL
Número de control de estantería A-11922
itemnumber 186680
Sublocalización o colección R.146918
Ubicación en estantería Depósito 1
Signatura antigua Olim: N-4927
Encuadernación Donación: José Lázaro
903 ## - NOMBRE PERSONAL DE DONANTE
9 234219
a Lázaro García, José
e Donante
942 ## - ELEMENTOS DE ENTRADA SECUNDARIOS (KOHA)
Fuente del sistema de clasificación o colocación Clasificación decimal universal
Tipo de ítem Koha Libro impreso
Holdings
Estatus retirado Estado de pérdida Fuente del sistema de clasificación o colocación Estado de daño No para préstamo Biblioteca de origen Biblioteca actual Ubicación en estantería Fecha de adquisición Fuente de adquisición Total de préstamos Signatura topográfica completa Código de barras Visto por última vez Precio de reemplazo Tipo de ítem Koha
    Clasificación decimal universal     Biblioteca del Ateneo de Madrid Biblioteca del Ateneo de Madrid Depósito 1 23/01/2012 Donación   A-11922 1188869 23/02/2023 23/02/2023 Libro impreso